01017nam a2200241Ii 45000010005000000030009000050080041000140400033000550410008000880820015000961000028001112450034001392640040001733000012002133360026002253370028002513380027002799400050003069990017003569520134003739520134005079520134006413826CO-ViMGA241108s9999||||xx |||||||||||||| ||und|| aCO-ViMGAbspaerdacCO-ViMGA0 aspa04a370.15 A931 aJairo Acevedo C.94828010aFilosofía de la educación 1aBogotá, Colombia : Voluntad, 1972 avolumen atextbtxt2rdacontent aunmediatedbn2rdamedia avolumebnc2rdacarrier aidficha_siabuc: 3737. -- ficha_no_siabuc:3826 c42922d42922 001040708001aMEVIGERRbMEVIGERRcGENd2006-11-27o370.15 A93pECA2479r2024-11-26 09:06:52tEj.3w2024-11-26yBKz3737 | 5509 001040708001aMEVIGERRbMEVIGERRcGENd2006-11-27o370.15 A93pECA2477r2024-11-26 09:06:52tEj.2w2024-11-26yBKz3737 | 5507 001040708001aMEVIGERRbMEVIGERRcGENd2006-11-27o370.15 A93pECA2478r2024-11-26 09:06:52tEj.1w2024-11-26yBKz3737 | 5508